Quick Pick: '00s Question Songs Quiz Stats

 Plays Quiz Updated Apr 23, 2020

     
Support Sporcle.
Go Orange.
Score 0/10 Timer 01:00
3 Plays Today
% Correct
Baha Men
86.1%
The Black Eyed Peas
73.5%
Jet
56.7%
Jason Derulo
52.4%
Bon Jovi
45.2%
Jennifer Lopez
43.1%
Alan Jackson
38.8%
Dave Matthews Band
35.8%
Fat Joe
35.6%
Michelle Branch
35.4%

Today's Daily Dose

From the Vault

Anything but Peru

by SporcleEXP

But first, llama take a selfie.
Remove Ads.
Support Sporcle.
Get the best of Sporcle when you Go Orange. This ad-free experience offers more features, more stats, and more fun while also helping to support Sporcle. Thank you for becoming a member.

Show Comments

Extras

Top Quizzes Today


Score Distribution

Your Account Isn't Verified!

In order to create a playlist on Sporcle, you need to verify the email address you used during registration. Go to your Sporcle Settings to finish the process.

Report this User

Report this user for behavior that violates our Community Guidelines.

Details: